| 000 | 01465 a2200325 4500 | ||
|---|---|---|---|
| 003 | OSt | ||
| 005 | 20180116192358.0 | ||
| 008 | 120606t xxu||||| |||| 00| 0 eng d | ||
| 010 | _a 2007032122 | ||
| 020 | _a9780300135428 (cl : alk. paper) | ||
| 020 | _a0300135424 (cl : alk. paper) | ||
| 035 | _a(OCoLC)ocn165081886 | ||
| 035 | _a(OCoLC)165081886 | ||
| 040 | _c0 | ||
| 082 | 0 | 0 | _a709.620902 |
| 100 | 1 |
_aBloom, Jonathan _94070 |
|
| 245 | 1 | 0 |
_aArts of the City Victorious : _bIslamic art and architecture in Fatimid North Africa and Egypt / _cJonathan M. Bloom. |
| 260 |
_aNew Haven : _bYale University Press : _bIn association with the Institute of Ismaili Studies, _cc2007. |
||
| 300 |
_axv, 236 p. : _bill. (some col.), col. map ; _c29 cm. |
||
| 650 | 1 | 0 |
_aDecorative arts, Fatimid _zAfrica, North. _94071 |
| 650 | 1 | 0 |
_aDecorative arts, Fatimid _zEgypt. _94072 |
| 650 | 1 | 0 |
_aArchitecture, Fatimid _zAfrica, North. _94073 |
| 650 | 1 | 0 |
_aArchitecture, Fatimid _zEgypt. _94074 |
| 710 | 2 |
_aInstitute of Ismaili Studies. _94075 |
|
| 856 | 4 | 1 |
_3Table of contents only _uhttp://www.loc.gov/catdir/toc/ecip0724/2007032122.html |
| 856 | 4 | 1 |
_3Contributor biographical information _uhttp://www.loc.gov/catdir/enhancements/fy0828/2007032122-b.html |
| 856 | 4 | 1 |
_3Publisher description _uhttp://www.loc.gov/catdir/enhancements/fy0828/2007032122-d.html |
| 942 |
_aSADA _cBK _k709.620902 BLO 2007 _2ddc |
||
| 999 |
_c353185 _d353185 |
||